00441 2200181 4500001002100000005001500021008004100036020001800077035001900095041000700114082001000121090001600131100001100147245003100158260003100189300001900220650002000239INLIS00000000001542520241224114930241224||||||||| | ||| |||| || |  a979-3288-06-X 0010-1224015425 aid0 a616.8 a616.8 RAS s0 aRasmun00aSTRES, KOPING,DAN ADAPTASI aJakartabSagung Setoc2004 a104hlm;15x20cm 0aIlmu Kedokteran